Central Library OPAC University of Rajshahi

The Oxford history of English literature / (Record no. 72965)

MARC details
000 -LEADER
fixed length control field 00967nam a2200241 4500
001 - CONTROL NUMBER
control field 72965
003 - CONTROL NUMBER IDENTIFIER
rucl marc code BD-RjUL
005 - DATE AND TIME OF LATEST TRANSACTION
control field 20211209082331.0
008 - FIXED-LENGTH DATA ELEMENTS--GENERAL INFORMATION
fixed length control field 170525r19671945enk b| | 001 0 eng d
035 ## - SYSTEM CONTROL NUMBER
System control number (BD-RjUL)73183
040 ## - CATALOGING SOURCE
Original cataloging agency DLC
Transcribing agency DLC
Modifying agency MYG
-- BD-RjUL
Language of cataloging eng
041 ## - LANGUAGE CODE
Language code of text/sound track or separate title eng
082 ## - DEWEY DECIMAL CLASSIFICATION NUMBER
Edition number 23
Classification number 820.9
Author mark and year OXF 1967
245 14 - TITLE STATEMENT
Title The Oxford history of English literature /
Statement of responsibility, etc. edited by F. P. Wilson and Bonamy Dobree.
260 ## - PUBLICATION, DISTRIBUTION, ETC. (IMPRINT)
Place of publication, distribution, etc. Oxford :
Name of publisher, distributor, etc. Clarendon Press ,
Date of publication, distribution, etc. c1945, [Reprinted 1967]
300 ## - PHYSICAL DESCRIPTION
Pagination Vol. ;
Size 25 cm.
500 ## - GENERAL NOTE
General note Includes index.
505 ## - FORMATTED CONTENTS NOTE
Formatted contents note Vol. 2 ,Pt. 1 Chaucer and the fifteenth century / H. S. Bennett --V. 2, Pt. 2 The Close of the middle ages / E. K. Chambers-- V. 4, Pt.1 The English drama 1485-1585 / F. P. Wilson -- V. 9 English literature 1789-1815 / W. L. Renwick --
650 #0 - SUBJECT ADDED ENTRY--TOPICAL TERM
Topical term or geographic name as entry element English literature
General subdivision History and criticism.
9 (RLIN) 215802
700 ## - ADDED ENTRY--PERSONAL NAME
Personal name Wilson, F. P.
Personal name Dobree, Bonamy
942 ## - ADDED ENTRY ELEMENTS (KOHA)
Source of classification or shelving scheme Dewey Decimal Classification
Koha item type Books
Holdings
Lost status Source of classification or shelving scheme Damaged status Not for loan Collection code Permanent Location Current Location Shelving location Date acquired Source of acquisition Cost, normal purchase price Total Checkouts Full call number Date last seen Copy number Koha item type
  Dewey Decimal Classification   Not For Loan Non-fiction Central Library, University of Rajshahi Central Library, University of Rajshahi Reading Room 30/01/1973 Oxford University Press 44.00   820.9 OXF V-9 1967 25/05/2017 C-1 Books
  Dewey Decimal Classification   Not For Loan Non-fiction Central Library, University of Rajshahi Central Library, University of Rajshahi Reading Room 04/02/1973 Oxford University Press 46.20   820.9 OXF V-2,Pt.1 1965 25/05/2017 C-1 Books
  Dewey Decimal Classification   Not For Loan Non-fiction Central Library, University of Rajshahi Central Library, University of Rajshahi Reading Room 08/10/1973 Ideal Library, 38.50   820.9 OXF V-4,Pt.1 1969 25/05/2017 C-1 Books
  Dewey Decimal Classification   Not For Loan Non-fiction Central Library, University of Rajshahi Central Library, University of Rajshahi Reading Room 09/05/1974 Oxford University Press 38.50   820.9 OXF V-2,Pt.2 1965 25/05/2017 C-1 Books
  Dewey Decimal Classification     Non-fiction Central Library, University of Rajshahi Central Library, University of Rajshahi   08/10/1973 Ideal Library, 44.00   820.9 OXF V-9 1967 25/05/2017 C-2 Books
  Dewey Decimal Classification     Non-fiction Central Library, University of Rajshahi Central Library, University of Rajshahi   12/03/1964 Zeitlinger 30.00   820.9 OXF V-9 1963 25/05/2017 C-3 Books